<?xml version="1.0" encoding="UTF-8"?>
<record
    xmlns:xsi="http://www.w3.org/2001/XMLSchema-instance"
    xsi:schemaLocation="http://www.loc.gov/MARC21/slim http://www.loc.gov/standards/marcxml/schema/MARC21slim.xsd"
    xmlns="http://www.loc.gov/MARC21/slim">

  <leader>00587nam a2200181 a 4500</leader>
  <controlfield tag="005">20140412111232.0</controlfield>
  <controlfield tag="008">010523s19uu    xx            00    eng d</controlfield>
  <datafield tag="020" ind1=" " ind2=" ">
    <subfield code="a">971-121-049-5</subfield>
  </datafield>
  <datafield tag="050" ind1=" " ind2=" ">
    <subfield code="a">Fil 398.2</subfield>
    <subfield code="b">A72 1980</subfield>
  </datafield>
  <datafield tag="100" ind1=" " ind2=" ">
    <subfield code="a">Alonzo, Roberto</subfield>
  </datafield>
  <datafield tag="245" ind1=" " ind2=" ">
    <subfield code="a">Ibong Adarna :</subfield>
    <subfield code="b">mahiwagang ibon na gamot ang awit /</subfield>
    <subfield code="c">re-told by Roberto Alonzo; illustrated by Gualberto R. Ortega.</subfield>
  </datafield>
  <datafield tag="260" ind1=" " ind2=" ">
    <subfield code="a">Quezon City :</subfield>
    <subfield code="b">Children's Communication Center,</subfield>
    <subfield code="c">1980.</subfield>
  </datafield>
  <datafield tag="300" ind1=" " ind2=" ">
    <subfield code="a">1v. (unp.) ; ill.</subfield>
  </datafield>
  <datafield tag="440" ind1=" " ind2=" ">
    <subfield code="a">Aklat ng Lahi</subfield>
  </datafield>
  <datafield tag="650" ind1=" " ind2=" ">
    <subfield code="a">Folk Tales, Philippine</subfield>
  </datafield>
  <datafield tag="999" ind1=" " ind2=" ">
    <subfield code="c">102249</subfield>
    <subfield code="d">102249</subfield>
  </datafield>
  <datafield tag="952" ind1=" " ind2=" ">
    <subfield code="0">0</subfield>
    <subfield code="1">0</subfield>
    <subfield code="4">0</subfield>
    <subfield code="a">EL</subfield>
    <subfield code="b">EL</subfield>
    <subfield code="c">FIL</subfield>
    <subfield code="d">2001-05-23</subfield>
    <subfield code="e">Lib. Fund</subfield>
    <subfield code="l">0</subfield>
    <subfield code="o">Fil 398.2 A72 1980</subfield>
    <subfield code="p">E1029</subfield>
    <subfield code="r">2014-04-12 00:00:00</subfield>
    <subfield code="w">2014-04-12</subfield>
    <subfield code="y">BK</subfield>
  </datafield>
  <datafield tag="952" ind1=" " ind2=" ">
    <subfield code="0">0</subfield>
    <subfield code="1">0</subfield>
    <subfield code="4">0</subfield>
    <subfield code="a">EL</subfield>
    <subfield code="b">EL</subfield>
    <subfield code="c">FIL</subfield>
    <subfield code="d">2001-08-09</subfield>
    <subfield code="e">Lib. Fund</subfield>
    <subfield code="l">0</subfield>
    <subfield code="o">Fil 398.2 A72 1980</subfield>
    <subfield code="p">E3099</subfield>
    <subfield code="r">2014-04-12 00:00:00</subfield>
    <subfield code="w">2014-04-12</subfield>
    <subfield code="y">BK</subfield>
  </datafield>
</record>
